000 00437nam a22001217a 4500
999 _c18705
_d18705
008 210118b xxu||||| |||| 00| 0 eng d
050 _aGMB1122
_b.M83 2018 c.1
100 _aMwaura, Samuel Mwangi
245 _aInfluence of strategic leadership on change management in the county government of Nakuru Kenya
_cSamuel Mwangi Mwaura
260 _aKabarak, Nakuru, Kenya
_bKabarak University
_c2018
300 _a61 leaves
942 _2lcc
_cTHE